| 000 | 00347nam a22001337a 4500 | ||
|---|---|---|---|
| 008 | 250423b |||||||| |||| 00| 0 eng d | ||
| 020 | _a0821358235 | ||
| 050 |
_aJF 1525 _b.K87 |
||
| 100 | _aRist Rag C. | ||
| 245 | _aTen Steps to a Result Based Monitoring and Evaluation System | ||
| 260 |
_aUSA _bWorld Bank _c2004 |
||
| 300 | _a248p. | ||
| 942 | _cBK | ||
| 999 |
_c3113 _d3113 |
||